wielkości podstawowe układu SI - Statystyki

Ogólne statystyki
  • Ten quiz został rozwiązany 34 razy
  • Średni wynik to 5 z 7
Statystyki odpowiedzi
nazwa wielkości podstawowej Jednostka podstawowa % Poprawnych
masa kilogram
100%
długość metr
100%
czas sekunda
96%
prąd elektryczny amper
64%
temperatura termodynamiczna kelwin
64%
ilość substancji mol
52%
światłość kandela
32%
Nie znaleziono quizów pasujących do podanych kryteriów
Rozkład punktacji
Procent ludzi z każdym wynikiem
Percentyl według liczby udzielonych odpowiedzi
Twoja historia wyników
Nie rozwiązałeś tego quizu